Same Letter Countries by Population Difference 2 - Statistics

General Stats
  • This quiz has been taken 41 times
    27 since last reset
  • The average score is 3 of 10
Answer Stats
Letter Pop. Difference Answer % Correct
R 7.968.000 Rwanda
78%
I 22.737.000 Israel
48%
E 11.834.000 El Salvador
39%
M 16.608.000 Malawi
22%
N 11.505.000 Netherlands
22%
B 1.687.000 Bolivia
17%
G 4.862.000 Greece
13%
C 264.000 Cuba
9%
L 2.152.000 Laos
9%
S 10.998.000 Sri Lanka
4%
No matching quizzes found
Score Distribution
Percent of People with Each Score
Percentile by Number Answered
Your Score History
You have not taken this quiz since the last reset